Final de Champions League 2015 Juventus - Barcelona - Estadísticas

Estadísticas generales
  • Esta prueba ha sido intentada 1.579 veces
  • La puntuación promedio es 23 de 38
Estadísticas de respuestas
Hint Respuesta % Correcto
Delantero Messi
98%
Delantero Neymar
97%
Delantero Suárez
97%
Centrocampista Iniesta (C)
96%
Defensa Piqué
96%
Portero ter Stegen
95%
Portero Buffon (C)
92%
Centrocampista Busquets
92%
Defensa Dani Alves
92%
Centrocampista Xavi
91%
Defensa Jordi Alba
90%
Entrenador Luis Enrique
87%
Centrocampista Rakitić
87%
Defensa Bonucci
80%
Defensa Mascherano
78%
Portero Bravo
76%
Delantero Morata
75%
Centrocampista Pirlo
73%
Centrocampista Pogba
67%
Delantero Pedro
61%
Delantero Tévez
60%
Entrenador Massimiliano Allegri
59%
Defensa Barzagli
56%
Centrocampista Vidal
55%
Centrocampista Marchisio
52%
Defensa Mathieu
46%
Defensa Evra
39%
Defensa Lichtsteiner
31%
Defensa Adriano
30%
Defensa Bartra
29%
Delantero Llorente
24%
Centrocampista Rafinha
22%
Centrocampista Pereyra
12%
Centrocampista Coman
10%
Portero Storari
10%
Centrocampista Sturaro
10%
Defensa Ogbonna
8%
Centrocampista Padoin
6%
No se encontraron pruebas coincidentes
Distribución de puntuación
Porcentaje de gente con cada puntuación
Porcentaje por número respondido
Historial de tus puntuaciones
No has intentado esta prueba.